| 000 | 00465nam a22001697a 4500 | ||
|---|---|---|---|
| 999 |
_c525140 _d525140 |
||
| 003 | NUST | ||
| 038 | _awaseem | ||
| 082 |
_a891.439 _bAMJ |
||
| 100 |
_aAmjad, Rasheed _914665 |
||
| 245 |
_aSir saydain Pakistani Adab / _cRasheed Amjad |
||
| 260 |
_aRawalpindi : _bS-T Printers, _c1981. |
||
| 300 | _a792 p. ; | ||
| 500 | _aPapercover. | ||
| 880 |
_6100-01\r _aرشید امجد |
||
| 880 |
_6245-02\r _aسر سید ین پاکستانی ادب / |
||
| 942 |
_2ddc _cBK |
||